000 00871nam a22002297a 4500
005 20240530110453.0
008 150519s2011 ua g 000 0 ara d
017 _a2011/8815
_bمصر . دار الكتب المصرية
020 _a9789773822343
040 _aEG-CaGPL
082 0 4 _221
_a894.35\
_bص ز
100 0 _aصادق يالسزاو جانلر .
245 1 0 _aالزجاج و الالماس /
_cتاليف صادق يالسزاو جانلر ؛ترجمة منى مصطفى محمود .
250 _aط1.
260 _aالقاهرة :
_bايتراك للطباعة والنشر والتوزيع ،
_c2011.
300 _a225 ص ؛
_c20 سم .
650 0 4 _aالادب التركى .
650 0 4 _aالقصص التركية .
700 0 _aمنى مصطفى محمود
_eمترجم
942 _2ddc
_cBK
999 _c61289
_d61289